<?xml version="1.0" encoding="UTF-8"?>
<record
    xmlns:xsi="http://www.w3.org/2001/XMLSchema-instance"
    xsi:schemaLocation="http://www.loc.gov/MARC21/slim http://www.loc.gov/standards/marcxml/schema/MARC21slim.xsd"
    xmlns="http://www.loc.gov/MARC21/slim">

  <leader>01476nam0a2200337   4500</leader>
  <controlfield tag="001">RU\NLR\bibl\1706490</controlfield>
  <controlfield tag="005">20260408203631.0</controlfield>
  <datafield tag="010" ind1=" " ind2=" ">
    <subfield code="a">978-5-8263-0138-8</subfield>
    <subfield code="9">300</subfield>
  </datafield>
  <datafield tag="035" ind1=" " ind2=" ">
    <subfield code="a">(nilc)RSL-KNO-004582501</subfield>
  </datafield>
  <datafield tag="035" ind1=" " ind2=" ">
    <subfield code="a">(NLR Aleph) 001697537</subfield>
  </datafield>
  <datafield tag="090" ind1=" " ind2=" ">
    <subfield code="a">1199586</subfield>
    <subfield code="c">1199586</subfield>
  </datafield>
  <datafield tag="100" ind1=" " ind2=" ">
    <subfield code="a">20100216d2009    |||y0rusy50      ca</subfield>
  </datafield>
  <datafield tag="101" ind1="0" ind2=" ">
    <subfield code="a">rus</subfield>
  </datafield>
  <datafield tag="102" ind1=" " ind2=" ">
    <subfield code="a">RU</subfield>
  </datafield>
  <datafield tag="105" ind1=" " ind2=" ">
    <subfield code="a">a   zzzz|||||</subfield>
  </datafield>
  <datafield tag="200" ind1="1" ind2=" ">
    <subfield code="a">&#x423;&#x431;&#x438;&#x439;&#x441;&#x442;&#x432;&#x43E; &#x43C;&#x430;&#x442;&#x435;&#x440;&#x44C;&#x44E; &#x43D;&#x43E;&#x432;&#x43E;&#x440;&#x43E;&#x436;&#x434;&#x435;&#x43D;&#x43D;&#x43E;&#x433;&#x43E; &#x440;&#x435;&#x431;&#x435;&#x43D;&#x43A;&#x430;: &#x43F;&#x440;&#x43E;&#x431;&#x43B;&#x435;&#x43C;&#x44B; &#x43E;&#x442;&#x432;&#x435;&#x442;&#x441;&#x442;&#x432;&#x435;&#x43D;&#x43D;&#x43E;&#x441;&#x442;&#x438; &#x432; &#x440;&#x43E;&#x441;&#x441;&#x438;&#x439;&#x441;&#x43A;&#x43E;&#x43C; &#x438; &#x437;&#x430;&#x440;&#x443;&#x431;&#x435;&#x436;&#x43D;&#x43E;&#x43C; &#x443;&#x433;&#x43E;&#x43B;&#x43E;&#x432;&#x43D;&#x43E;&#x43C; &#x437;&#x430;&#x43A;&#x43E;&#x43D;&#x43E;&#x434;&#x430;&#x442;&#x435;&#x43B;&#x44C;&#x441;&#x442;&#x432;&#x435;</subfield>
    <subfield code="e">&#x43C;&#x43E;&#x43D;&#x43E;&#x433;&#x440;&#x430;&#x444;&#x438;&#x44F;</subfield>
    <subfield code="f">&#x415;. &#x418;. &#x413;&#x440;&#x443;&#x431;&#x43E;&#x432;&#x430;</subfield>
    <subfield code="g">&#x41D;&#x438;&#x436;&#x435;&#x433;&#x43E;&#x440;&#x43E;&#x434;&#x441;&#x43A;&#x430;&#x44F; &#x43F;&#x440;&#x430;&#x432;&#x43E;&#x432;&#x430;&#x44F; &#x430;&#x43A;&#x430;&#x434;.</subfield>
  </datafield>
  <datafield tag="210" ind1=" " ind2=" ">
    <subfield code="a">&#x41D;&#x438;&#x436;&#x43D;&#x438;&#x439; &#x41D;&#x43E;&#x432;&#x433;&#x43E;&#x440;&#x43E;&#x434;</subfield>
    <subfield code="c">&#x41D;&#x438;&#x436;&#x435;&#x433;&#x43E;&#x440;&#x43E;&#x434;&#x441;&#x43A;&#x430;&#x44F; &#x43F;&#x440;&#x430;&#x432;&#x43E;&#x432;&#x430;&#x44F; &#x430;&#x43A;&#x430;&#x434;.</subfield>
    <subfield code="d">2009</subfield>
  </datafield>
  <datafield tag="215" ind1=" " ind2=" ">
    <subfield code="a">131 &#x441;.</subfield>
    <subfield code="c">&#x438;&#x43B;., &#x442;&#x430;&#x431;&#x43B;.</subfield>
    <subfield code="d">20</subfield>
  </datafield>
  <datafield tag="320" ind1=" " ind2=" ">
    <subfield code="a">&#x411;&#x438;&#x431;&#x43B;&#x438;&#x43E;&#x433;&#x440;.: &#x441;. 116</subfield>
  </datafield>
  <datafield tag="606" ind1=" " ind2=" ">
    <subfield code="a">&#x41D;&#x43E;&#x432;&#x43E;&#x440;&#x43E;&#x436;&#x434;&#x435;&#x43D;&#x43D;&#x44B;&#x435; &#x434;&#x435;&#x442;&#x438;</subfield>
    <subfield code="x">&#x423;&#x431;&#x438;&#x439;&#x441;&#x442;&#x432;&#x43E; &#x43C;&#x430;&#x442;&#x435;&#x440;&#x44C;&#x44E;</subfield>
    <subfield code="x">&#x423;&#x433;&#x43E;&#x43B;&#x43E;&#x432;&#x43D;&#x430;&#x44F; &#x43E;&#x442;&#x432;&#x435;&#x442;&#x441;&#x442;&#x432;&#x435;&#x43D;&#x43D;&#x43E;&#x441;&#x442;&#x44C;</subfield>
    <subfield code="3">RU\NLR\auth\661545087</subfield>
    <subfield code="9">2608529</subfield>
  </datafield>
  <datafield tag="686" ind1=" " ind2=" ">
    <subfield code="a">&#x425;628.111.311,0</subfield>
    <subfield code="2">rubbk</subfield>
  </datafield>
  <datafield tag="686" ind1=" " ind2=" ">
    <subfield code="a">&#x425;881.9(2)115.1,0</subfield>
    <subfield code="2">rubbk</subfield>
  </datafield>
  <datafield tag="686" ind1=" " ind2=" ">
    <subfield code="a">&#x425;628.111.311.2</subfield>
  </datafield>
  <datafield tag="686" ind1=" " ind2=" ">
    <subfield code="a">&#x425;881.115.9</subfield>
  </datafield>
  <datafield tag="700" ind1=" " ind2="1">
    <subfield code="a">&#x413;&#x440;&#x443;&#x431;&#x43E;&#x432;&#x430;</subfield>
    <subfield code="b">&#x415;. &#x418;.</subfield>
    <subfield code="g">&#x415;&#x43A;&#x430;&#x442;&#x435;&#x440;&#x438;&#x43D;&#x430; &#x418;&#x433;&#x43E;&#x440;&#x435;&#x432;&#x43D;&#x430;</subfield>
    <subfield code="4">070</subfield>
  </datafield>
  <datafield tag="801" ind1=" " ind2="0">
    <subfield code="a">RU</subfield>
    <subfield code="b">&#x420;&#x413;&#x411;</subfield>
    <subfield code="c">20100216</subfield>
    <subfield code="g">rcr</subfield>
  </datafield>
  <datafield tag="801" ind1=" " ind2="1">
    <subfield code="a">RU</subfield>
    <subfield code="b">&#x420;&#x413;&#x411;</subfield>
    <subfield code="c">20100216</subfield>
  </datafield>
  <datafield tag="801" ind1=" " ind2="2">
    <subfield code="a">RU</subfield>
    <subfield code="b">NLR</subfield>
    <subfield code="c">20101126</subfield>
    <subfield code="g">rcr</subfield>
  </datafield>
  <datafield tag="942" ind1=" " ind2=" ">
    <subfield code="c">BOOK</subfield>
  </datafield>
  <datafield tag="980" ind1=" " ind2=" ">
    <subfield code="a">NB</subfield>
  </datafield>
  <datafield tag="995" ind1=" " ind2=" ">
    <subfield code="5">2010-11-26</subfield>
    <subfield code="a">a9</subfield>
    <subfield code="b">NLR01</subfield>
    <subfield code="c">NLR01</subfield>
    <subfield code="e">RF8</subfield>
    <subfield code="f">1-189000</subfield>
    <subfield code="k">2010-3/39549</subfield>
    <subfield code="o">0</subfield>
    <subfield code="r">BOOK</subfield>
    <subfield code="s">2010339549_</subfield>
  </datafield>
  <datafield tag="995" ind1=" " ind2=" ">
    <subfield code="5">2011-10-13</subfield>
    <subfield code="a">a9</subfield>
    <subfield code="b">NLR01</subfield>
    <subfield code="c">NLR01</subfield>
    <subfield code="e">RF8</subfield>
    <subfield code="f">1-1811359</subfield>
    <subfield code="k">2010-3/39549</subfield>
    <subfield code="o">0</subfield>
    <subfield code="r">BOOK</subfield>
    <subfield code="s">2010339549_</subfield>
  </datafield>
</record>
